Statistics for Olivia de Havilland Filmography

Click here to take the quiz!

General Stats

  • This quiz has been taken 38 times
    (12 since last reset)
  • The average score is 20 of 89

Answer Stats

TypeYearName% Correct
Film1939Gone with the Wind
100%
Film1949The Heiress
100%
Film1964Hush...Hush, Sweet Charlotte
91%
Film1948The Snake Pit
91%
Film1946To Each His Own
91%
Film1941Hold Back the Dawn
82%
Theater1934A Midsummer Night's Dream
73%
Film1935A Midsummer Night's Dream
73%
Film1935Captain Blood
73%
Radio Series1937, 1938Lux Radio Theatre
73%
Film1952My Cousin Rachel
73%
TV Film1986Anastasia: The Mystery of Anna
64%
Film1962Light in the Piazza
64%
Film1940Santa Fe Trail
64%
Film1938The Adventures of Robin Hood
64%
Film1946The Dark Mirror
64%
Film1939The Private Lives of Elizabeth and Essex
64%
Film1941The Strawberry Blonde
64%
Film1941They Died with Their Boots On
64%
Film1939Dodge City
55%
Documentary2009I Remember Better When I Paint
55%
Film1937It's Love I'm After
55%
Film1964Lady in a Cage
55%
Film1936The Charge of the Light Brigade
55%
Film1958The Proud Rebel
55%
Film1959Libel
36%
TV Show1958, 1962, 1964, 1965What's My Line?
36%
Film1956The Ambassador's Daughter
27%
Film1977Airport '77
18%
Film1942In This Our Life
18%
Film1972Pope Joan
18%
TV Mini-Series1979Roots: The Next Generations
18%
Radio Series1946Academy Award Theater
9%
Film1938Four's a Crowd
9%
TV Mini-Series1986North and South: Book II
9%
Film1955Not as a Stranger
9%
Film1943Princess O'Rourke
9%
Film1979The Fifth Musketeer
9%
TV Film1972The Screaming Woman
9%
Film1978The Swarm
9%
TV Show1966ABC Stage 67
0%
Short Film1937A Day at Santa Anita
0%
Short Documentary1935A Dream Comes True
0%
Theater1962A Gift of Time
0%
Film1935Alibi Ike
0%
Film1936Anthony Adverse
0%
Short Film1942Breakdowns of 1942
0%
Film1937Call It a Day
0%
Theater1951-1952Candida
0%
Short Documentary1940Cavalcade of the Academy Awards
0%
Radio Series1950CBS Radio Theater
0%
Radio Series1945Columbia Presents Corwin
0%
Film1946Devotion
0%
TV Show1975Dinah!
0%
Film1938Gold Is Where You Find It
0%
Film1943Government Girl
0%
Film1938Hard to Get
0%
TV Show1958, 1960, 1964, 1965I've Got a Secret
0%
Short Documentary2004Melanie Remembers: Reflections by Olivia de Havilland
0%
TV Film1982Murder Is Easy
0%
Film1940My Love Came Back
0%
Film1939Raffles
0%
Theater1951Romeo and Juliet
0%
Radio Series1950Screen Directors Playhouse
0%
Short Documentary1937Screen Snapshots Series 16, No. 10
0%
Short Documentary1943Show Business at War
0%
TV Show1951Showtime, U.S.A.
0%
Film1943Thank Your Lucky Stars
0%
Film1955That Lady
0%
Film1970The Adventurers
0%
TV Show1965The Bell Telephone Hour
0%
TV Show1968The Danny Thomas Hour
0%
TV Show1962The Ed Sullivan Show
0%
Film1937The Great Garrick
0%
Radio Series1947The Hedda Hopper Show - This Is Hollywood
0%
Film1935The Irish in Us
0%
TV Show1981The Love Boat
0%
Short Documentary1936The Making of a Great Motion Picture
0%
Film1942The Male Animal
0%
TV Show1965, 1967, 1973The Merv Griffin Show
0%
TV Show1978, 1979The Mike Douglas Show
0%
TV Show1964The Price Is Right
0%
Documentary2021The Rebellious Olivia de Havilland
0%
TV Film1982The Royal Romance of Charles and Diana
0%
Film1946The Well Groomed Bride
0%
TV Film1988The Woman He Loved
0%
Documentary Series1964, 1971, 1980This Is Your Life
0%
Theater1946What Every Woman Knows
0%
Film1939Wings of the Navy
0%

Score Distribution

Percentile by Number Answered

Percent of People with Each Score

Your Score History

You have not taken this quiz since the last reset